Directory of periodicals published in India 2000 (Record no. 396401)

000 -LEADER
fixed length control field 00428cam a22001337a 4500
008 - FIXED-LENGTH DATA ELEMENTS--GENERAL INFORMATION
fixed length control field 180718b2000 xxu||||| |||| 00| 0 eng d
082 ## - DEWEY DECIMAL CLASSIFICATION NUMBER
Classification number A22053x54 K167/2000 (R)
245 ## - TITLE STATEMENT
Title Directory of periodicals published in India 2000
Statement of responsibility, etc. edited by Susheel Kaur and P. Sapra
260 ## - PUBLICATION, DISTRIBUTION, ETC.
Place of publication, distribution, etc. Delhi
Name of publisher, distributor, etc. Sapra & Sapra Pub.
Date of publication, distribution, etc. 2000
300 ## - PHYSICAL DESCRIPTION
Extent 1073p.
650 ## - SUBJECT ADDED ENTRY--TOPICAL TERM
Topical term or geographic name entry element Periodicals - Directories - India
700 ## - ADDED ENTRY--PERSONAL NAME
Personal name Sapra, P.
700 ## - ADDED ENTRY--PERSONAL NAME
Personal name Kaur, Susheel
Holdings
Withdrawn status Lost status Damaged status Not for loan Permanent Location Current Location Date acquired Full call number Barcode Date last seen Price effective from Koha item type
        Indian Institute of Public Administration Indian Institute of Public Administration 2001-03-30 A22053x54 K167/2000 (R) 76658 2018-07-21 2018-07-21 Book

Powered by Koha